| 000 | 00504nam a2200181 i 4500 | ||
|---|---|---|---|
| 001 | 135366 | ||
| 003 | ES-MaACL | ||
| 005 | 20230906194851.0 | ||
| 007 | t| | ||
| 008 | 070717s1923 xxu |||| | eng d | ||
| 080 | _a821.111(73)-31"19" | ||
| 100 | 1 |
_aToomer, Jean. _9110590 |
|
| 245 | 1 | 0 |
_aCane / _cJean Toomer ; with a foreword by Waldo Frank. |
| 260 |
_aNew York : _bBoni and Liveright, _c1923. |
||
| 300 |
_aXI, 239 p. ; _c20 cm. |
||
| 700 | 1 |
_aFrank, Waldo. _952316 |
|
| 852 |
_aES-MaACL _jC-25569 |
||
| 999 |
_c135366 _d135366 |
||